Come as you are : (Record no. 4948)
[ view plain ]
| 000 -LEADER | |
|---|---|
| fixed length control field | 00767cam a22002292 4500 |
| 001 - CONTROL NUMBER | |
| control field | 0000000862 |
| 005 - DATE AND TIME OF LATEST TRANSACTION | |
| control field | 20151217151759.0 |
| 008 - FIXED-LENGTH DATA ELEMENTS--GENERAL INFORMATION | |
| fixed length control field | 070221s xx 000 0 eng d |
| 020 ## - INTERNATIONAL STANDARD BOOK NUMBER | |
| International Standard Book Number | 1556610173 : |
| Terms of availability | KES 780 |
| 040 ## - CATALOGING SOURCE | |
| Original cataloging agency | KABU |
| Transcribing agency | KABU |
| 050 #0 - LIBRARY OF CONGRESS CALL NUMBER | |
| Classification number | BV4597.57 |
| Item number | .S68 1999 |
| 100 1# - MAIN ENTRY--PERSONAL NAME | |
| Personal name | Southard, Betty. |
| -- | 0000149251 |
| 245 10 - TITLE STATEMENT | |
| Title | Come as you are : |
| Remainder of title | how your personality shapes your relationship with God / |
| Statement of responsibility, etc. | by Betty Southard and Marita Littauer. |
| 250 ## - EDITION STATEMENT | |
| Edition statement | . |
| 260 ## - PUBLICATION, DISTRIBUTION, ETC. (IMPRINT) | |
| Place of publication, distribution, etc. | Minneapoli, Minn. : |
| Name of publisher, distributor, etc. | Bethany House, |
| Date of publication, distribution, etc. | 1999. |
| 300 ## - PHYSICAL DESCRIPTION | |
| Extent | 220 p. |
| 650 #0 - SUBJECT ADDED ENTRY--TOPICAL TERM | |
| Topical term or geographic name as entry element | Personality |
| General subdivision | Religious aspects |
| -- | Christianity. |
| -- | 0000149252 |
| 700 1# - ADDED ENTRY--PERSONAL NAME | |
| Personal name | Littauer, Marita. |
| -- | 0000148241 |
| 908 ## - PUT COMMAND PARAMETER (RLIN) | |
| Put command parameter | 070221 |
| 950 ## - LOCAL HOLDINGS (RLIN) | |
| -- | 1 |
| Withdrawn status | Lost status | Source of classification or shelving scheme | Not for loan | Home library | Current library | Date acquired | Total Checkouts | Total Renewals | Full call number | Barcode | Date last seen | Date last checked out | Price effective from | Koha item type |
|---|---|---|---|---|---|---|---|---|---|---|---|---|---|---|
| Library of Congress Classification | Kabarak, Main Campus | Kabarak, Main Campus | 17/12/2015 | 3 | 1 | BV4597.57 .S68 1999 | 000299 | 23/01/2018 | 15/12/2017 | 17/12/2015 | General Collection |